000 00993nas a2200337 4500
001 BR0604034
003 BR-BrBNA
005 20231205110357.0
007 ta
008 230509b bl.|||p| |||| 00| 00por d
040 _aBR-BrBNA
_bpor
_cBiblioteca Nacional de Agricultura
041 _a(Pt)
072 _aP35
100 1 _aArchangelo, E.R.
100 1 _aPrates, H.T.
100 1 _aFerreira, F.A.
100 1 _aKaram, D.
100 1 _aFerreira, L.R.
100 1 _aCardoso, A.A.
245 1 _aSorção, dessorção e potencial de lixiviação de atrazine em solos brasileiros
650 _aSORÇÃO
650 _aLIXIVIAÇÃO
650 _aSOLO
650 _aHERBICIDA
650 _aCONTROLE QUÍMICO
650 _aPROPRIEDADE FÍSICO-QUÍMICA
650 _aMATÉRIA ORGÂNICA
773 0 _tRevista Brasileira de Milho e Sorgo (Brazil)
_xISSN 1676-689X
_g(Jan-Apr 2005), v. 4(1) p. 14-27
_wBR0604034
909 _a202311
_bLúcia
_c55
_dLúcia Elande
942 _2AGRIS
_n0
_cANA
999 _c187165
_d187165